| 000 | 00674nam a22001937a 4500 | ||
|---|---|---|---|
| 008 | 161026b xxu||||| |||| 00| 0 eng d | ||
| 020 | _a0810399679 | ||
| 020 | _a9780810399679 | ||
| 050 | _aHF 5381.2 .L36 1994 | ||
| 100 | _aLang, Jim | ||
| 245 |
_aGreat careers for people who want to be entrepreneurs/ _cJim Lang |
||
| 260 |
_aDetroit, MI : _b UXL, _c©1994. |
||
| 300 |
_a48p. : _bill. ; _c25cm. |
||
| 500 | _aInclude index. | ||
| 650 |
_aVocational guidance _xjuvenile literature. |
||
| 650 |
_a Entrepreneurship _xvocational guidance _y juvenile literature. |
||
| 650 | _a Vocational guidance. | ||
| 942 |
_2lcc _cBOOKS _hHF 5381.2 .L36 1994 |
||
| 999 |
_c15108 _d15108 |
||